Kunhalmok és telephelyek a karczagi határban
Elmentve itt :
| Szerző: | |
|---|---|
| Dokumentumtípus: | Cikk |
| Megjelent: |
1921
|
| Sorozat: | Föld és ember
1 No. 1 |
| Kulcsszavak: | Földrajztudomány |
| Online Access: | http://acta.bibl.u-szeged.hu/10298 |
| LEADER | 00574nab a2200169 i 4500 | ||
|---|---|---|---|
| 001 | acta10298 | ||
| 005 | 20210624095206.0 | ||
| 008 | 161015s1921 hu o 0|| hun d | ||
| 040 | |a SZTE Egyetemi Kiadványok Repozitórium |b hun | ||
| 041 | |a hun | ||
| 100 | 1 | |a Györffy István | |
| 245 | 1 | 0 | |a Kunhalmok és telephelyek a karczagi határban |h [elektronikus dokumentum] / |c Györffy István |
| 260 | |c 1921 | ||
| 300 | |a 59-62 | ||
| 490 | 0 | |a Föld és ember |v 1 No. 1 | |
| 695 | |a Földrajztudomány | ||
| 856 | 4 | 0 | |u http://acta.bibl.u-szeged.hu/10298/1/fold_001_001_059-062.pdf |z Dokumentum-elérés |